000 00787nam a22002177a 4500
005 20170808120539.0
008 170808b xxu||||| |||| 00| 0 eng d
020 _a9782011554512
041 _aFrench
_gFrench
_hFrench
050 _aPC 2112.5
_b.V453
100 _aVeltcheff, Caroline
245 _aPreparation a l'examen du DELF A1 /
_cCaroline Veltcheff, Stanley Hilton
260 _aParis :
_bHachette Francais langue etrangere,
_cc2006.
300 _a120 pages :
_bcolor illustrations ;
_c28 cm.
_e+ 1 CD
500 _awith CD.
650 _2Library of Congress Classification
_aFrench language
_xProblems, exercises, etc.
650 _2Library of Congress Classification
_aFrench language
_xStudy and teaching
700 _aHilton, Stanley
942 _2lcc
_cBK
999 _c340927
_d340927